000 00481nam a22001817a 4500
005 20140610122345.0
010 _aENG-110150
020 _a9788184301892
_c200.00
035 _aEN-93682
037 _bDBAD/PUB
082 _aS
100 _aBali, Sunita
245 _aLaughing in the shadow of bullets /
_cby Sunita Bali
260 _aNew Delhi
_bOcean Books
_c2013
270 _a4/19 Asaf Ali Road
_bNew Delhi
_e110002
300 _a136p.
_c22cm(Hb)
942 _2ddc
_cEN
_mBAL
_hS
999 _c84874
_d84874